Statistics for Cities with 1% Population of their Continent on the World Map

Click here to take the quiz!

General Stats

  • This quiz has been taken 1,349 times
  • The average score is 27 of 34

Answers on the Map

Answers color-coded by a green-red scale on the quiz's map according to % correct below.
 

Answer Stats

%City% Correct
1,96%London
97%
3,83%New York
97%
2,31%Moscow
96%
1,53%Paris
96%
3,85%Mexico City
95%
3,06%Los Angeles
94%
3,01%Rio de Janeiro
94%
12,47%Sydney
93%
5,18%São Paulo
92%
3,79%Buenos Aires
91%
1,41%Cairo
90%
2,39%Lima
88%
2,25%Bogotá
86%
1,69%Chicago
86%
11,28%Melbourne
86%
1,28%Istanbul
83%
1,45%Lagos
83%
5,08%Perth
83%
1,69%Santiago
82%
1,24%Toronto
81%
3,78%Auckland
79%
1,10%Houston
78%
1,07%Miami
78%
1,08%Johannesburg
77%
1,17%Dallas
75%
1,33%San Francisco
74%
7,27%Brisbane
73%
3,28%Adelaide
68%
1,45%Washington
66%
1,30%Boston
63%
1,10%Guangzhou
61%
1,27%Philadelphia
59%
1,17%Belo Horizonte
45%
1,48%Gold Coast
19%

Score Distribution

Percentile by Number Answered

Percent of People with Each Score

Your Score History

You have not taken this quiz